000 01587cam a2200397 a 4500
999 _c232645
_d232645
001 13598804
003 Nust
005 20170222090438.0
008 040519s2004 nyu 000 1 eng
010 _a 2004047660
020 _a9781582345086
040 _aDLC
_cDLC
_dDLC
043 _ae-uk-en
050 0 0 _aPR6058.O4467
_bL56 2004
082 0 0 _a823.914
_bHOL
100 1 _aHollinghurst, Alan.
245 1 4 _aThe line of beauty :
_ba novel /
_cAlan Hollinghurst.
250 _a1st U.S. ed.
260 _aNew York :
_bBloomsbury,
_c2004.
300 _a438 p. ;
_c25 cm.
610 2 0 _aUniversity of Oxford
_xAlumni and alumnae
_vFiction.
650 0 _aMale friendship
_vFiction.
650 0 _aSocial classes
_vFiction.
650 0 _aMarried people
_vFiction.
650 0 _aLegislators
_vFiction.
650 0 _aRich people
_vFiction.
650 0 _aYoung men
_vFiction.
650 0 _aGay men
_vFiction.
651 0 _aNotting Hill (London, England)
_vFiction.
655 7 _aPsychological fiction.
_2lcsh
655 7 _aDomestic fiction.
_2lcsh
655 7 _aBildungsromans.
_2gsafd
856 4 2 _3Contributor biographical information
_uhttp://www.loc.gov/catdir/bios/hol058/2004047660.html
856 4 2 _3Publisher description
_uhttp://www.loc.gov/catdir/description/hol053/2004047660.html
906 _a7
_bcbc
_corignew
_d1
_eocip
_f20
_gy-gencatlg
942 _2ddc
_cBK